‘Girls Just Want to Have Fun’ Lyrics - Statistics

General Stats
  • This quiz has been taken 1,060 times
  • The average score is 52 of 75
Answer Stats
Lyrics % Correct
girl
98%
fun
97%
fun,
97%
have
96%
just
95%
want
95%
I
94%
the
94%
The
94%
girls
93%
Girls
93%
to
93%
Oh
90%
a
89%
you
88%
in
85%
they
85%
They
85%
your
84%
My
83%
life
81%
one
81%
do
80%
gonna
78%
of
78%
daddy
76%
night
76%
mother
74%
what
74%
middle
73%
father
72%
when
72%
When
72%
But
71%
with
71%
number
70%
still
70%
And
69%
dear
69%
you're
69%
know
68%
says
68%
phone
67%
morning
66%
rings
66%
be
63%
live
62%
right
61%
light
59%
Some
59%
fortunate
58%
not
58%
all
57%
really
57%
That's
56%
come
55%
home
55%
we're
55%
yells
55%
is
53%
ones
53%
sun
52%
world
51%
day
50%
from
48%
rest
48%
walk
48%
beautiful
47%
boys
47%
her
47%
hide
47%
away
46%
take
46%
done
45%
working
43%
No matching quizzes found
Score Distribution
Percent of People with Each Score
Percentile by Number Answered
Your Score History
You have not taken this quiz